Les 20 préfectures les plus proches d'Aurillac - Statistiques

Statistiques générales
  • Ce quiz a été pris 154 fois
  • Le résultat moyen est 16 sur 20
Statistiques - réponses
distance (en km) ville préfecture % Correct
107 Clermont-ferrand
94%
65 Rodez
92%
65 Tulle
92%
168 Toulouse
90%
137 Limoges
87%
96 Cahors
85%
114 Le Puy en Velay
85%
95 Mende
83%
186 Montpellier
80%
194.95 Moulins
78%
114 Albi
77%
163 Saint-Etienne
77%
145 Gueret
76%
133 Montauban
76%
165 Agen
74%
195.94 Nimes
70%
139 Perigueux
70%
191 Carcassonne
65%
172 Privas
65%
193 Valence
60%
Aucun quiz correspondant
Distribution des résultats
% des personnes avec chaque résultat
Percentile par nombre de réponses
Votre historique - résultats
Vous n’avez pas pris ce quiz